Process Planning and Cost Estimation (Record no. 11022)

MARC details
000 -LEADER
fixed length control field 00447nam a22001937a 4500
003 - CONTROL NUMBER IDENTIFIER
control field OSt
008 - FIXED-LENGTH DATA ELEMENTS--GENERAL INFORMATION
fixed length control field 211028b ||||| |||| 00| 0 eng d
020 ## - INTERNATIONAL STANDARD BOOK NUMBER
International Standard Book Number 9788122426052
082 ## - DEWEY DECIMAL CLASSIFICATION NUMBER
Classification number 658.5 KEP
100 ## - MAIN ENTRY--PERSONAL NAME
Personal name KESAVAN,R
245 ## - TITLE STATEMENT
Title Process Planning and Cost Estimation
250 ## - EDITION STATEMENT
Edition statement REP
260 ## - PUBLICATION, DISTRIBUTION, ETC. (IMPRINT)
Place of publication, distribution, etc New Delhi
Name of publisher, distributor, etc New Age
Date of publication, distribution, etc 2018
300 ## - PHYSICAL DESCRIPTION
Extent 229
650 ## - SUBJECT ADDED ENTRY--TOPICAL TERM
Topical term or geographic name as entry element ME
700 ## - ADDED ENTRY--PERSONAL NAME
Personal name ELANCHEZHIAN,C
700 ## - ADDED ENTRY--PERSONAL NAME
Personal name VIJAYA RAMNATH,B
942 ## - ADDED ENTRY ELEMENTS (KOHA)
Source of classification or shelving scheme Dewey Decimal Classification
Koha item type Text Books
Holdings
Withdrawn status Lost status Source of classification or shelving scheme Damaged status Not for loan Collection code Home library Current library Date acquired Source of acquisition Currency Cost, normal purchase price Bill Number Total Checkouts Full call number Acc. no. / Barcode Date last seen Date last borrowed Actual Cost, discounted price Bill Date Koha item type
    Dewey Decimal Classification     B.Tech(ME) PIET C-LIBRARY PIET C-LIBRARY 27/10/2021 Kirti Praskshan IN Rupees 199.00 IN2721-13.10.21 1 658.8 KEP 33322 24/04/2023 06/04/2023 133.33 27/10/2021 Text Books
    Dewey Decimal Classification     B.Tech(ME) PIET C-LIBRARY PIET C-LIBRARY 27/10/2021 Kirti Praskshan IN Rupees 199.00 IN2721-13.10.21   658.8 KEP 33323 28/10/2021   133.33 27/10/2021 Text Books
    Dewey Decimal Classification     B.Tech(ME) PIET C-LIBRARY PIET C-LIBRARY 27/10/2021 Kirti Praskshan IN Rupees 199.00 IN2721-13.10.21   658.5 KEP 33324 28/10/2021   133.33 27/10/2021 Text Books
    Dewey Decimal Classification     B.Tech(ME) PIET C-LIBRARY PIET C-LIBRARY 27/10/2021 Kirti Praskshan IN Rupees 199.00 IN2721-13.10.21   658.8 KEP 33325 28/10/2021   133.33 27/10/2021 Text Books
    Dewey Decimal Classification     B.Tech(ME) PIET C-LIBRARY PIET C-LIBRARY 27/10/2021 Kirti Praskshan IN Rupees 199.00 IN2721-13.10.21   658.8 KEP 33326 28/10/2021   133.33 27/10/2021 Text Books
    Dewey Decimal Classification     B.Tech(ME) PIET C-LIBRARY PIET C-LIBRARY 27/10/2021 Kirti Praskshan IN Rupees 199.00 IN2721-13.10.21   658.8 KEP 33327 28/10/2021   133.33 27/10/2021 Text Books
    Dewey Decimal Classification     B.Tech(ME) PIET C-LIBRARY PIET C-LIBRARY 27/10/2021 Kirti Praskshan IN Rupees 199.00 IN2721-13.10.21 1 658.8 KEP 33328 27/01/2022 29/10/2021 133.33 27/10/2021 Text Books
    Dewey Decimal Classification     B.Tech(ME) PIET C-LIBRARY PIET C-LIBRARY 27/10/2021 Kirti Praskshan IN Rupees 199.00 IN2721-13.10.21   658.8 KEP 33329 28/10/2021   133.33 27/10/2021 Text Books
    Dewey Decimal Classification     B.Tech(ME) PIET C-LIBRARY PIET C-LIBRARY 27/10/2021 Kirti Praskshan IN Rupees 199.00 IN2721-13.10.21 1 658.8 KEP 33330 15/11/2021 08/11/2021 133.33 27/10/2021 Text Books
    Dewey Decimal Classification     B.Tech(ME) PIET C-LIBRARY PIET C-LIBRARY 27/10/2021 Kirti Praskshan IN Rupees 199.00 IN2721-13.10.21 1 658.8 KEP 33331 15/11/2021 08/11/2021 133.33 27/10/2021 Text Books

Design & Developed by: PIET Central Library
R70 Miles Stone Pattikalyana Samalkha Panipat 132102
mail ID :- [email protected], Phone No:- 0180-2569700 Ex.216